3D Face Model Reconstruction from 2D Images

Enregistré dans:
Détails bibliographiques
Auteur principal: Fedenov, Illia (Auteur)
Autres auteurs: Kováč, Michal (Directeur de thèse)
Format: Manuscrit Livre
Langue:slovaque
anglais
Publié: Bratislava : STU v Bratislave FEI, 2025
Sujets:
Accès en ligne:https://opac.crzp.sk/?fn=detailBiblioFormChildG12KAD&sid=BA75C2D62745AD5723EF949ED92F&seo=CRZP-detail-kniha
Tags: Ajouter un tag
Pas de tags, Soyez le premier à ajouter un tag!

MARC

LEADER 00000ntm a22000003a 4500
001 stuzp101594
003 SK-STU
005 20260209144207.4
007 ta
008 150427s2015----xo-----f-mn---000-0-slo-d
040 |a STU  |b slo 
041 0 |a eng 
044 |a xo 
100 1 |a Fedenov, Illia  |u 031000  |4 aut  |U FEI Fakulta elektrotechniky a informatiky  |T FEI Ústav robotiky a kybernetiky  |X 122155  |U E011  |Y 356  |7 122155 
242 0 1 |a Rekonštrukcia 3D modelu tváre z 2D obrazov  |y slo 
245 1 0 |a 3D Face Model Reconstruction from 2D Images 
260 |a Bratislava :  |b STU v Bratislave FEI,  |c 2025 
300 |a 61 s. 
650 4 |a hlboké učenie  |2 slo 
650 4 |a 3D rekonštrukcia tváre  |2 slo 
650 4 |a ResNet-50  |2 slo 
650 4 |a deep learning  |2 eng 
650 4 |a ResNet-50  |2 eng 
650 4 |a 3D face reconstruction  |2 eng 
700 1 |a Kováč, Michal  |u 031000  |k Z3  |4 ths  |U FEI Fakulta elektrotechniky a informatiky  |T FEI Ústav robotiky a kybernetiky  |X 98341  |U E011  |Y 356  |7 98341 
856 4 |u https://opac.crzp.sk/?fn=detailBiblioFormChildG12KAD&sid=BA75C2D62745AD5723EF949ED92F&seo=CRZP-detail-kniha